Artical 370: (Record no. 144253)
[ view plain ]
| 000 -LEADER | |
|---|---|
| fixed length control field | 00559nam a22001817a 4500 |
| 005 - DATE AND TIME OF LATEST TRANSACTION | |
| control field | 20231229120059.0 |
| 010 ## - LCCN (DPL NO) | |
| LC control number | ENG-120247 |
| 020 ## - INTERNATIONAL STANDARD BOOK NUMBER | |
| International Standard Book Number | 9789385212161 |
| Terms of availability | 490.00 |
| 035 ## - SYSTEM CONTROL NUMBER | |
| System control number | EN-103779 |
| 037 ## - SOURCE OF ACQUISITION | |
| Source of stock number/acquisition | DBAD/PUB |
| 082 ## - DEWEY DECIMAL CLASSIFICATION NUMBER | |
| Classification number | 345.460229 |
| 245 ## - TITLE STATEMENT | |
| Title | Artical 370: |
| Remainder of title | Evolving beyond the conundrum/ |
| Statement of responsibility, etc | Edited by P.Kumar |
| 260 ## - PUBLICATION, DISTRIBUTION, ETC. (IMPRINT) | |
| Place of publication, distribution, etc | Delhi |
| Name of publisher, distributor, etc | Mewar University Press |
| Date of publication, distribution, etc | 2015 |
| 270 ## - ADDRESS | |
| Address | 4117, Naya Bazar, Delhi 110006 |
| City | Delhi |
| Postal code | 110006 |
| 300 ## - PHYSICAL DESCRIPTION | |
| Extent | x,214p. |
| Dimensions | 22cm.(pbk) |
| 700 ## - ADDED ENTRY--PERSONAL NAME | |
| Personal name | Kumar, P. |
| 9 (RLIN) | 60411 |
| 942 ## - ADDED ENTRY ELEMENTS (KOHA) | |
| Source of classification or shelving scheme | Dewey Decimal Classification |
| Item type | English Books |
| Classification part | 345.460229 |
| Call number suffix | ART |
| Withdrawn status | Lost status | Not for loan | Collection code | Home library | Current library | Date acquired | Source of acquisition | Cost, normal purchase price | Full call number | Barcode | Copy number | Cost, replacement price | Koha item type |
|---|---|---|---|---|---|---|---|---|---|---|---|---|---|
| Non-fiction | Ashok Vihar | Ashok Vihar | 11/09/2017 | DBAD/PUB | 490.00 | 345.460229 ART | EN-103779 | 1 | 490.00 | English Books |
